01638 a2200169 45000010006000000050017000060080041000230030015000640400040000790800109001192450041002282640027002693000019002965051107003151000022014227000024014445473020260407155822.0260407a1968 arg spa dAR-UNSa-BCEJYS aAR-UNSa-BCEJYSbspacAR-UNSa-BCEJYS a327xRelaciones internacionales. Política internacional. Asuntos internacionales. Política exterior 10aLa poblaciónpun análisis actual 1aMadrid :bTecnosc1968 a578 p.c23 cm. aI. La población como campo de estudio - Primera parte: La población de los Estados Unidos - II. El crecimiento de la población: Perspectiva general - III. Fuentes de los datos demográficos - IV. La estructura de sexos y edades - V. La política de imigración norteamericana - VI. El desarrollo de una población nacional - VII. La migración interna - VIII. Urbanismo y urbanización - IX. Familia y fertilidad - X. Morbilidad y mortalidad - XI. Previsiones en torno a la población - Segunda parte: La población en varios tipos de sociedad - XII. La población de las sociedades primitivas - XIII. La población de las civilizaciones preindustriales - XIV. La población durante la revolución industrial - XV. La población de las sociedades totalitarias - XVI. La población de los países subdesarrollados - Tercera parte: Los determinantes generales de la población - XVII. La teoría maltusiana y su evolución - XVIII. Los determinantes generales de la fertilidad - XIX. Los determinantes generales de la mortalidad - XX. Los determinantes generales de la migración1 aPetersen, William1 aCazorla Perez, Jose